Positively M.A.D. : making a difference in your organizations, communities, and the world

Bibliographic Details
Other Authors: Treasurer, Bill, 1962-
Format: Book
Published: San Francisco : Berrett-Koehler Publishers, Inc , 2004
Subjects:

MARC

LEADER 00000cam a2200000 7i4500
001 0000027333
005 20090827.0
008 090826
020 |a 1576753123 
090 0 0 |a 303.4   |b POS 
245 1 0 |a Positively M.A.D. :   |b making a difference in your organizations, communities, and the world   |c edited by Bill Treasurer 
246 1 0 |a Stories and ideas from 50 of today's leading experts 
260 |a San Francisco :   |b Berrett-Koehler Publishers, Inc ,   |c 2004 
300 |a xi,188p. ;   |c 21cm. 
500 |a Includes index 
650 0 |a Community action 
650 0 |a Social action 
650 0 |a Social change 
700 1 |a Treasurer, Bill, 1962- 
999 |a 0001060216   |b Book   |c Adult Collection   |e Perbadanan Perpustakaan Awam Johor